| 000 | 00517nam a2200205 4500 | ||
|---|---|---|---|
| 001 | 3129 | ||
| 005 | 20181127170538.0 | ||
| 010 | 0 | 0 | _a |
| 020 | 0 | 0 | _a |
| 090 | 0 | 0 | _a738.05 C411c 2011 |
| 100 | 0 | 0 | _aDavey, Rachael. |
| 245 | 0 | 0 |
_aVessels for the divine / _b _cRachael Davey. _h |
| 250 | 0 | 0 | _a |
| 260 | 0 | 0 |
_a _b _c |
| 300 | 0 | 0 | _a |
| 500 | 0 | 0 | _aArticle in "Ceramic Review," March/April 2011, no. 248, pp. 44-47. |
| 650 | 0 | 0 |
_aPottery --Periodicals. _x |
| 650 | 0 | 0 |
_aBuddhist art and symbolism --Bhutan. _x |
| 650 | 0 | 0 |
_a _x |
| 999 |
_c2522 _d2522 |
||